|
|
|
|
| LEADER |
00000cam a2200000 7i4500 |
| 001 |
0000049667 |
| 005 |
20151222.0 |
| 008 |
070816 |
| 020 |
|
|
|a 9789831502761
|
| 020 |
|
|
|a 9831502760
|
| 090 |
0 |
0 |
|a NH
|b ENG
|
| 100 |
1 |
|
|a Laidlaw, Caroline
|
| 245 |
1 |
0 |
|a Animal Senses
|c Caroline Laidlaw
|
| 260 |
|
|
|a Kuala Lumpur :
|b Arus Intelek ,
|c 2000
|
| 300 |
|
|
|a 31pg. :
|b col. ill.
|
| 440 |
|
0 |
|a Graded Readers for ERLE (English Language Reinforcement and Enrichment)
|
| 500 |
|
|
|a Children ages 7-9 years old (orange)
|
| 650 |
|
0 |
|a Junior fiction
|x English
|x Languages
|
| 650 |
|
0 |
|a Natural history
|
| 999 |
|
|
|a 0001072402
|b Book
|c Children Collection
|e Cawangan Segamat
|
| 999 |
|
|
|a 0001072427
|b Book
|c Children Collection
|e Cawangan Bandar Penawar
|
| 999 |
|
|
|a 0001139200
|b Book
|c Children Collection
|e Cawangan Segamat
|
| 999 |
|
|
|a 0001139203
|b Book
|c Children Collection
|e Cawangan Taman Universiti
|
| 999 |
|
|
|a 0001139206
|b Book
|c Children Collection
|e Cawangan Pontian
|
| 999 |
|
|
|a 0001139207
|b Book
|c Brochure/Pamphlet/Poster
|e Cawangan Mersing
|
| 999 |
|
|
|a 0001139208
|b Book
|c Children Collection
|e Cawangan Bukit Gambir
|
| 999 |
|
|
|a 0001139209
|b Book
|c Children Collection
|e Cawangan Taman Sri Lambak
|
| 999 |
|
|
|a 0001139211
|b Book
|c Children Collection
|e Cawangan Batu Pahat
|